000 00207 a2200097 4500
020 _a0945051247
041 _aeng
100 _aHair, Jay
245 _aWhat do animals see, hear, smell, and feel?
942 _cBK
999 _c31805
_d31803